Star Wars Characters by Last Words - Statistics

General Stats
  • This quiz has been taken 1,956 times
  • The average score is 10 of 20
Answer Stats
Last Words Character % Correct
"You already have, Luke. You were right. You were right about me. Tell your sister... you were right." Darth Vader
95%
"You can't win, Darth. If you strike me down, I shall become more powerful than you can possibly imagine." Obi-Wan Kenobi
92%
"He... is the Chosen One. He... will bring balance. Train him..." Qui-Gon Jinn
82%
Luke, there... is... another... Skywalker." Yoda
81%
"He has control of the Senate and the courts! He's too dangerous to be kept alive!" Mace Windu
67%
"And I... am all the Jedi." Rey
67%
"YOU ARE NOTHING! A scavenger girl is no match for the power in me! I am ALL the SITH!" Darth Sidious
62%
"There is good in him. I know there is... still—" Padme Amidala
61%
"Ben..." Leia Organa
55%
"I sense great fear in you, Skywalker. You have hate, you have anger... but you don't use them." Count Dooku
54%
"You may fire when ready." Grand Moff Tarkin
48%
. I see him turning the lightsaber to strike true. And now, foolish child, he ignites it... and KILLS his true enemy!" Snoke
47%
"See you around, kid." Luke Skywalker
40%
"Army or not, you must realize, you are doomed..." General Grievous
31%
"Ow." Kylo Ren
31%
"Yes, anything." Han Solo
30%
"It was a coordinated incursion, Allegiant General. They overpowered the guards and forced me to take them to their ship." General Hux
28%
"All craft, full engines! Concentrate rear shields!" Admiral Ackbar
23%
"You were always scum." Captain Phasma
19%
"No, you're too far out. Full speed to planet fall. Full speed!" Admiral Holdo
10%
No matching quizzes found
Score Distribution
Percent of People with Each Score
Percentile by Number Answered
Your Score History
You have not taken this quiz